European cities with metro systems - Statistics

General Stats
  • This quiz has been taken 29 times
  • The average score is 39 of 60
Answer Stats
Picture Answer % Correct
London
100%
Berlin
84%
Barcelona
80%
Madrid
80%
Munich
80%
Paris
80%
Budapest
76%
Copenhagen
76%
Glasgow
76%
Milan
76%
Rome
76%
Stockholm
76%
Amsterdam
72%
Brussels
72%
Hamburg
72%
Helsinki
72%
Istanbul
72%
Lisbon
72%
Lyon
72%
Marseille
72%
Moscow
72%
Oslo
72%
Vienna
72%
Warsaw
72%
Athens
68%
Bilbao
68%
Bucharest
68%
Frankfurt
68%
Kyiv
68%
Lille
68%
Naples
68%
Porto
68%
Prague
68%
Saint Petersburg
68%
Sofia
68%
Valencia
68%
Genoa
64%
Kharkiv
64%
Minsk
64%
Rotterdam
64%
Seville
64%
Toulouse
64%
Nizhny Novgorod
60%
Nuremberg
60%
Samara
60%
Turin
60%
Tyne and Wear
60%
Catania
56%
Dnipro
56%
Kazan
56%
Malaga
56%
Rennes
56%
Palma de Mallorca
52%
Brescia
48%
Lausanne
48%
Yekaterinburg
48%
Volgograd
40%
Charleroi
36%
Novosibirsk
36%
Kryvyi Rih
32%
No matching quizzes found
Score Distribution
Percent of People with Each Score
Percentile by Number Answered
Your Score History
You have not taken this quiz